zpět

Detail výsledku týmu

Pivovar Born, Nový Bor

Datum a čas kvízu

13.5 Celkem bodů Celkový počet nahraných bodů na tomto kvízu bez doplňovacích otázek.
13. Pořadí na kvízu Konečné umístění týmu na tomto kvízu.

Zaznamenané odpovědi

# Otázka Odpověď Body Výsledky
1. Čím na sebe minulý týden upozo... netradičním představováním mluvčích na tiskovce 0
2. Která celosvětově používaná mo... WhatsApp 0
3. Do Prahy se po šesti letech vr... The Cure 0
4. Organizátoři pátečního protest... Ferdinand Vaněk 0
5. Jedna naše sportovkyně minulý... Zuzana Hejnová 1
6. Závěrem října se ve velké část... Samhain 0
7. Opomenout slavný horror Hallow... Michael Myers, John Carpenter 0
8. K svátku Halloween patří neodm... patizon, cuketa (cukína) 0.5
9. Svítilny, které se při oslavác... Jack-o'-lantern 1
10. Halloween rády slaví i celebri... Heidi Klum 0